[Event "Hessen-ch U14"]
[Site "Bad Homburg"]
[Date "2014.04.17"]
[Round "5"]
[White "Thomsen, Phil"]
[Black "Weber, Samuel"]
[Result "0-1"]
[WhiteElo "1662"]
[BlackElo "1748"]
[PlyCount "50"]
[EventDate "2014.04.??"]
[EventType "swiss"]
[EventRounds "7"]
[EventCountry "GER"]
[SourceTitle "EXT 2022"]
[Source "ChessBase"]
[SourceDate "2021.10.06"]
[SourceVersion "1"]
[SourceVersionDate "2021.10.06"]
[SourceQuality "1"]

1. e4 d5 2. exd5 Qxd5 3. Nc3 Qd6 4. Nf3 Nf6 5. Bc4 Bg4 6. d3 c6 7. Bg5 Nbd7 8. Bh4 e6 9. Qe2 Be7 10. Bg3 Qb4 11. Bb3 Nd5 12. a3 Nxc3 13. axb4 Nxe2 14. Kxe2 Bxb4 15. c3 Be7 16. d4 0-0 17. Rhe1 Rfe8 18. Ke3 Nb6 19. Ne5 Bf5 20. c4 h5 21. h4 f6 22. Nd3 Kh8 23. Nf4 g6 24. Rad1 Bb4 25. Re2 e5 0-1

[Event "Hessen-ch U12"]
[Site "Bad Homburg"]
[Date "2012.??.??"]
[Round "2"]
[White "Ripp, Moritz"]
[Black "Thomsen, Phil"]
[Result "0-1"]
[WhiteElo "809"]
[BlackElo "1084"]
[PlyCount "76"]
[EventDate "2012.04.??"]
[EventType "swiss"]
[EventRounds "9"]
[EventCountry "GER"]
[SourceTitle "EXT 2015"]
[Source "ChessBase"]
[SourceDate "2014.11.20"]
[SourceVersion "1"]
[SourceVersionDate "2014.11.20"]
[SourceQuality "1"]

1. e4 e5 2. Nf3 Nc6 3. Bc4 Nf6 4. d3 Bc5 5. Bg5 h6 6. Bh4 d6 7. h3 Bb4+ 8. c3 Bc5 9. d4 exd4 10. cxd4 Bb4+ 11. Nbd2 g5 12. Bg3 Nxe4 13. 0-0 Nxd2 14. Nxd2 Nxd4 15. a3 Bxd2 16. Qxd2 Ne6 17. Qc3 0-0 18. Qf3 c6 19. Qh5 Kh7 20. Bd3+ f5 21. f4 Ng7 22. Qf3 Kg6 23. fxg5 hxg5 24. h4 Kh6 25. hxg5+ Kxg5 26. Qf4+ Kg6 27. Bh4 Qb6+ 28. Rf2 c5 29. Qg5+ Kh7 30. Raf1 d5 31. g4 c4 32. Bxf5+ Nxf5 33. gxf5 Rg8 34. Qxg8+ Kxg8 35. f6 Be6 36. Kh1 Kf7 37. Rg2 Rg8 38. Bf2 Qxb2 0-1